000 00463nam a22001937a 4500
999 _c11694
_d11694
003 OSt
008 230114b ||||| |||| 00| 0 eng d
020 _a9789389795578
082 _a658 BAC
100 _aBANSAL,Sanjeev
245 _aCase Studies in Contemporary Management
250 _aEd
260 _aNew Delhi
_bWiley
_c2020
300 _a200
650 _aContemporary Management
700 _aSUJATHA,R
700 _aSHARMA,Ashok
942 _2ddc
_cREF